[Event "AUTO-BEG-683"]
[Site "http://www.queenalice.com/game.php?id=1812066"]
[Date "2023.5.18"]
[Round "2"]
[White "xadreco5"]
[Black "zefer"]
[Result "1-0"]
[WhiteElo "2308"]
[BlackElo "1419"]

1. e4 a6 2. d4 d5 3. e5 h6 4. Nf3 e6 5. c4 Bb4+ 6. Nc3 Ne7 7. cxd5 exd5 8. Bd3
f5 9. Qa4+ Bd7 10. Qxb4 O-O 11. Qxb7 Nbc6 12. Qb3 Rb8 13. Qd1 g5 14. O-O Rf7 15.
Bxa6 Nb4 16. Be2 Qf8 17. a3 Ra8 18. Bd2 g4 19. axb4 Ng6 20. Ne1 Rb8 21. Nxd5 Be6
22. Nf6+ Kg7 23. Qc1 Rd8 24. Bxh6+ Kh8 25. Bxf8 Nxf8 26. Qh6+ Nh7 27. Nxh7 Rg7
28. Nf6+ 1-0

[Event "AUTO-OPEN-4450"]
[Site "http://www.queenalice.com/game.php?id=1813179"]
[Date "2023.6.5"]
[Round "1"]
[White "cerenzo72"]
[Black "zefer"]
[Result "1-0"]
[WhiteElo "2185"]
[BlackElo "1401"]

1. b3 f6 2. Bb2 d5 3. e3 a6 4. c4 c6 5. cxd5 Qxd5 6. Nc3 Qa5 7. a4 Be6 8. Nf3
Qb6 9. Nd4 c5 10. a5 Qc7 11. Nxe6 Qc6 12. Nxf8 Nh6 13. Nxh7 Rxh7 14. Qh5+ Kf8
15. Qg6 Kg8 16. Bc4+ e6 17. Ne4 Rh8 18. Nxf6+ Kf8 19. Nh5 Rg8 20. Bxg7+ Ke7 21.
Qxh6 Nd7 22. O-O Qc7 23. Qxe6+ 1-0

[Event "AUTO-OPEN-4450"]
[Site "http://www.queenalice.com/game.php?id=1813180"]
[Date "2023.6.5"]
[Round "1"]
[White "zefer"]
[Black "cerenzo72"]
[Result "0-1"]
[WhiteElo "1363"]
[BlackElo "2186"]

1. e4 e5 2. a3 Nf6 3. Nc3 c6 4. Nf3 d6 5. d4 exd4 6. Nxd4 Be7 7. h3 O-O 8. g4 d5
9. Bg2 dxe4 10. Qe2 Qxd4 11. Be3 Qe5 12. O-O-O Bxa3 13. Na4 Bb4 14. c3 Ba5 15.
Bd4 Qe6 16. Nc5 Qe7 17. Kc2 Nbd7 18. Ra1 b6 19. Nb3 c5 20. Nxa5 cxd4 21. Nc6 Qc5
22. Nxd4 Re8 23. g5 Nd5 24. h4 Nf4 25. Qe3 Nxg2 26. Qg3 Nxh4 27. Rxh4 Qe5 28.
Rf4 Nc5 29. Qh4 e3 30. Re1 Ne6 31. Nxe6 Qxe6 32. Rxe3 Qg6+ 33. Kb3 Be6+ 34. c4
b5 0-1

[Event "AUTO-OPEN-4450"]
[Site "http://www.queenalice.com/game.php?id=1813209"]
[Date "2023.6.5"]
[Round "1"]
[White "zefer"]
[Black "Capixabba789"]
[Result "0-1"]
[WhiteElo "1417"]
[BlackElo "1646"]

1. e4 e5 2. a3 Nc6 3. b4 Nf6 4. Nc3 Be7 5. Qf3 d6 6. Nd5 Nxd5 7. exd5 Nd4 8. Qc3
O-O 9. h3 f5 10. Be2 f4 11. Bd3 c5 12. Nf3 b6 13. bxc5 bxc5 14. Nxd4 cxd4 15.
Qc6 Bf5 16. Be2 Bxc2 17. Qxc2 Bh4 18. O-O Bf6 19. g4 e4 20. Qxe4 d3 21. Qe6+ Kh8
22. Rb1 dxe2 23. Qxe2 Be5 24. Qe4 f3 25. Qe3 Qh4 26. Bb2 Qxh3 27. Bxe5 Qg2# 0-1

[Event "AUTO-OPEN-4450"]
[Site "http://www.queenalice.com/game.php?id=1813210"]
[Date "2023.6.5"]
[Round "1"]
[White "Capixabba789"]
[Black "zefer"]
[Result "1-0"]
[WhiteElo "1636"]
[BlackElo "1408"]

1. e4 a6 2. f4 d5 3. e5 Nh6 4. Nf3 f5 5. d4 Nc6 6. Be2 b5 7. O-O e6 8. Nc3 Be7
9. a3 Ng4 10. Ng5 O-O 11. Bxg4 Na5 12. Bf3 Qe8 13. Nxd5 Ra7 14. Qe1 Bb7 15. Nxc7
Qd8 16. Ncxe6 Qe8 17. Nxf8 Qxf8 18. d5 Bc5+ 19. Be3 Bxe3+ 20. Qxe3 Ra8 21. Qb6
Rb8 22. Qxa5 Qc5+ 23. Kh1 Qxc2 24. Rac1 Qd3 25. Qc7 Rf8 26. Qxb7 h6 27. Ne6 Rf7
28. Rfd1 Rxb7 29. Rxd3 Rb8 30. d6 b4 31. axb4 Re8 32. Ra1 Rxe6 33. Bd5 1-0

[Event "AUTO-OPEN-4450"]
[Site "http://www.queenalice.com/game.php?id=1813211"]
[Date "2023.6.5"]
[Round "1"]
[White "zefer"]
[Black "Boeing"]
[Result "0-1"]
[WhiteElo "1391"]
[BlackElo "2036"]

1. e4 e5 2. a3 Qh4 3. g3 Qxe4+ 4. Qe2 Qxh1 5. Nh3 d6 6. f3 Bxh3 7. d3 Bxf1 8.
Qf2 Bh3+ 9. Kd2 Nc6 10. g4 Nd4 11. Nc3 Nxf3+ 12. Ke3 e4 13. dxe4 Bxg4 14. Kf4 h5
15. b4 g6 16. Ne2 Bh6+ 17. Kg3 Bg7 18. Bb2 Qxh2+ 19. Qxh2 Nxh2 20. Kxh2 Bxb2 21.
Rb1 Be5+ 22. Ng3 h4 23. Kg1 hxg3 24. Kg2 Rh2+ 25. Kg1 Bf3 0-1

[Event "AUTO-OPEN-4450"]
[Site "http://www.queenalice.com/game.php?id=1813212"]
[Date "2023.6.5"]
[Round "1"]
[White "Boeing"]
[Black "zefer"]
[Result "1-0"]
[WhiteElo "2038"]
[BlackElo "1383"]

1. e4 a6 2. Qf3 Nh6 3. e5 f5 4. d4 d5 5. Bxh6 gxh6 6. Qh5+ Kd7 7. Qxf5+ e6 8.
Qf7+ Be7 9. b4 Kc6 10. b5+ axb5 11. Nc3 Bd7 12. Bxb5+ Kb6 13. Rb1 c6 14. Ba4+
Kc7 15. Nf3 Na6 16. O-O b5 17. Bb3 Nb4 18. Rb2 Kb6 19. Rfb1 Rf8 20. Qxh7 c5 21.
dxc5+ Kxc5 22. Qxh6 Nxa2 23. Nxa2 Rh8 24. Qe3+ Kc6 25. Nd4+ Kb6 26. Nxe6+ Kb7
27. Bxd5+ Ka6 28. Nxd8 Raxd8 29. Nb4+ Bxb4 30. Rxb4 Rhg8 31. Ra1# 1-0

[Event "AUTO-INT-3821"]
[Site "http://www.queenalice.com/game.php?id=1813339"]
[Date "2023.6.7"]
[Round "1"]
[White "SGF"]
[Black "zefer"]
[Result "1-0"]
[WhiteElo "1584"]
[BlackElo "1370"]

1. e4 a6 2. Qf3 f6 3. d3 e5 4. Be2 Bb4+ 5. c3 Bc5 6. b4 Be7 7. Qg3 Bf8 8. h4 g6
9. h5 g5 10. h6 Nxh6 11. Bh5+ Ke7 12. Nf3 b5 13. a4 c6 14. O-O d5 15. Nxg5 Kd6
16. exd5 Rg8 17. Nf7+ Nxf7 18. Qxg8 Qe7 19. Bxf7 cxd5 20. Bxd5 Bb7 21. Bxb7 Ra7
22. Qd5+ Kc7 23. Ba8 Nc6 24. Qxc6+ Kd8 25. axb5 Qc7 26. Qxf6+ Qe7 27. Qb6+ Qc7
28. Bg5+ Be7 29. Bxe7+ Kxe7 30. Qxc7+ Rxc7 31. Rxa6 Rc8 32. Ra7+ Kf6 33. Be4 h6
34. b6 Rb8 35. b7 Ke6 36. Ra8 Kd6 37. Rxb8 Kc7 38. Rc8+ Kb6 39. b8=Q+ Ka6 40.
Qb7# 1-0

[Event "AUTO-INT-3821"]
[Site "http://www.queenalice.com/game.php?id=1813340"]
[Date "2023.6.7"]
[Round "1"]
[White "zefer"]
[Black "SGF"]
[Result "0-1"]
[WhiteElo "1355"]
[BlackElo "1676"]

1. e4 e5 2. a3 Qf6 3. Qe2 Bc5 4. Nf3 d6 5. Nc3 Bg4 6. Nd5 Qe7 7. Nxe7 Kxe7 8. h3
Bxf3 9. Qxf3 Nf6 10. b4 Bd4 11. c3 Nc6 12. cxd4 Nxd4 13. Qc3 c6 14. b5 Rac8 15.
b6 axb6 16. f3 h5 17. Bd3 c5 18. Qc4 b5 19. Qc3 c4 20. O-O cxd3 21. Qxd3 Rc5 22.
Bb2 Rhc8 23. f4 Nc2 24. Rac1 Ne3 25. dxe3 Rxc1 26. Bxc1 Rc5 27. Bb2 exf4 28. e5
dxe5 29. exf4 e4 30. Qe3 Rc4 31. Qb6 Rc2 32. Qxb7+ Nd7 33. Be5 e3 34. Qxb5 Nxe5
35. Qxe5+ Kf8 36. Qb8+ Ke7 37. Qe5+ Kf8 38. Qxe3 f5 39. Rf2 Rxf2 40. Kxf2 Kf7
41. a4 Kf6 42. a5 Kg6 0-1

[Event "AUTO-INT-3821"]
[Site "http://www.queenalice.com/game.php?id=1813351"]
[Date "2023.6.7"]
[Round "1"]
[White "Malukinha"]
[Black "zefer"]
[Result "1-0"]
[WhiteElo "1608"]
[BlackElo "1348"]

1. e4 h6 2. d4 d5 3. Qf3 Nf6 4. Bd3 Be6 5. Bf4 Bg4 6. Qg3 Nc6 7. Bxc7 Qc8 8. Na3
dxe4 9. Bc4 e6 10. Nb5 Bb4+ 11. c3 Be7 12. Bd6 Bd8 13. Ba3 e5 14. dxe5 Bc7 15.
Nxc7+ Qxc7 16. exf6 1-0

[Event "AUTO-INT-3821"]
[Site "http://www.queenalice.com/game.php?id=1813359"]
[Date "2023.6.7"]
[Round "1"]
[White "zefer"]
[Black "TammieM3ENF"]
[Result "1-0"]
[WhiteElo "1392"]
[BlackElo "1063"]

1. e4 e5 2. a3 d5 3. c4 Nc6 4. b4 dxc4 5. Bxc4 Nf6 6. Nc3 b6 7. h3 a5 8. b5 Nd4
9. Bb2 g6 10. Nf3 g5 11. Nxg5 Nxe4 12. Ncxe4 Ne6 13. Bxe5 Nxg5 14. Bxh8 Nxe4 15.
Ra2 c6 16. Qh5 Ra7 17. O-O cxb5 18. Qxf7+ Rxf7 19. Bxf7+ Kxf7 20. Be5 b4 21. a4
Ke6 22. Bf4 b5 23. d3 Nd6 24. Re1+ Kf7 25. g4 Qh4 26. Re3 bxa4 27. Rc2 b3 28.
Rc1 Bg7 29. Rc7+ Bd7 30. Rxd7+ Kg8 31. Bxd6 a3 32. Re8+ Bf8 33. Rxf8# 1-0

[Event "AUTO-INT-3821"]
[Site "http://www.queenalice.com/game.php?id=1813360"]
[Date "2023.6.7"]
[Round "1"]
[White "TammieM3ENF"]
[Black "zefer"]
[Result "0-1"]
[WhiteElo "1066"]
[BlackElo "1389"]

1. d4 h6 2. e4 d5 3. Bd3 a6 4. Be3 Nc6 5. Nf3 g5 6. O-O Bg7 7. Nc3 Nf6 8. b3 g4
9. Nh4 b5 10. Nxd5 Nxd5 11. exd5 Nxd4 12. Bxd4 Bxd4 13. c3 Bxc3 14. Rc1 Bd4 15.
Nf5 Be5 16. a4 Qxd5 17. axb5 Qd7 18. bxa6 h5 19. f3 Bxa6 20. Ng7+ Bxg7 21. fxg4
h4 22. g3 Qd4+ 23. Kg2 Bb7+ 24. Rf3 Bxf3+ 25. Kxf3 Qd5+ 26. Ke2 Qg2+ 27. Ke1
Qg1+ 28. Bf1 hxg3 29. hxg3 Qxg3+ 30. Kd2 Rh2+ 31. Be2 Rd8+ 32. Kc2 Qc3+ 33. Kb1
Qb2# 0-1